|
|
|
|
| LEADER |
00000nam a2200000 a 4500 |
| 001 |
vtls008466188 |
| 003 |
SK-MaSNL |
| 005 |
20260302074922.0 |
| 008 |
240313s1946 xr g 000 0 cze |
| 035 |
|
|
|a SAVUKc040747
|
| 040 |
|
|
|a SNK
|b slo
|c SNK
|e AACR2
|
| 041 |
1 |
|
|a cze
|
| 044 |
|
|
|a cs
|c CS
|
| 080 |
|
|
|a 321.7(4)
|2 1981
|
| 100 |
1 |
|
|a Beneš, Edvard,
|d 1884-1948
|4 aut
|9 110633
|
| 245 |
1 |
0 |
|a Demokracie dnes a zítra
|c Edvard Beneš
|
| 260 |
|
|
|a Praha
|b Čin
|c 1946
|
| 300 |
|
|
|a 349 s.
|b il.
|c 21 cm
|
| 504 |
|
|
|a Reg.
|
| 650 |
0 |
7 |
|a demokracia
|2 SNKPH
|9 3564
|
| 650 |
0 |
7 |
|a politické režimy
|2 SNKPH
|9 582846
|
| 999 |
|
|
|c 1167076
|d 1169006
|
| 952 |
|
|
|a SNK
|b SNK
|y NEVYP
|7 0
|p 17A0540924
|o snkIC 17599 D1
|i snkVI. 30/55
|3 rekatalogizácia
|0 0
|1 1
|4 0
|d 2007-03-01
|l 0
|r 2026-02-24 20:52:02
|w 2026-02-24
|